|
|
|
|
| LEADER |
00000nab a2200000 a 4500 |
| 001 |
vtls000669869 |
| 003 |
SK-MaSNL |
| 005 |
20260305032427.0 |
| 008 |
161006c1995 xo 0 slo |
| 015 |
|
|
|a SNBRA1998/08-21849
|
| 035 |
|
|
|a CLN000022047
|
| 040 |
|
|
|a SNKBUCL
|b slo
|c SNKBUCL
|e AACR2
|
| 041 |
0 |
|
|a slo
|
| 044 |
|
|
|a xo
|c SK
|
| 080 |
|
|
|a 904(437.6):737.1"14/16":902
|2 1997
|
| 080 |
|
|
|a 737.1(437.6):902
|2 1997
|
| 080 |
|
|
|a 902(437.6)
|2 1997
|
| 100 |
1 |
|
|a Hunka, Ján,
|d 1958-2021
|4 aut
|9 211368
|
| 245 |
1 |
0 |
|a Ďalšie mince z krakovianskeho nálezu
|c Ján Hunka, Marián Klčo
|
| 300 |
|
|
|b Fotogr.
|
| 504 |
|
|
|a Res. angl., nem.
|
| 504 |
|
|
|a Bibliogr. odkazy
|
| 650 |
0 |
7 |
|a strieborné mince
|2 snkbucl
|9 82577
|
| 651 |
|
7 |
|a Trnava (Slovensko : okres)
|2 snkbucl
|9 51837
|
| 651 |
|
7 |
|a Krakovany (Slovensko)
|2 snkbucl
|9 104002
|
| 655 |
|
7 |
|a články zo zborníkov
|2 snkbucl
|9 166140
|
| 700 |
1 |
|
|a Klčo, Marián
|4 aut
|9 168053
|
| 773 |
0 |
|
|z 8096703838
|t Balneologický spravodajca 1995
|d Piešťany : Balneologické múzeum, 1995
|g S. 173-176
|
| 850 |
|
|
|a Slovenská národná knižnica v Martine
|
| 852 |
|
|
|a SNK
|b KIS3GCP
|
| 958 |
|
|
|a SK
|
| 958 |
|
|
|a NB
|
| 999 |
|
|
|c 3320051
|d 3321981
|